书目信息 |
| 题名: |
商业银行业务管理
|
|
| 作者: | 杨宜 主编 | |
| 分册: | ||
| 出版信息: | 北京 北京大学出版社 2009.07 |
|
| 页数: | 343页 | |
| 开本: | 23cm | |
| 丛书名: | ||
| 单 册: | ||
| 中图分类: | F830.4 | |
| 科图分类: | ||
| 主题词: | 商业银行--银行业务--业务管理--教材 , 商业银行 , 银行业务 , 业务管理 | |
| 电子资源: | ||
| ISBN: | 978-7-301-15211-9 | |
| 000 | 00982nam0 2200289 450 | |
| 001 | 010010010699 | |
| 005 | 20120628153305.50 | |
| 010 | @a978-7-301-15211-9@dCNY34.00 | |
| 100 | @a20090910d2009 em y0chiy0110 ea | |
| 101 | 0 | @achi |
| 102 | @aCN@b110000 | |
| 105 | @aak z 000yy | |
| 106 | @ar | |
| 200 | 1 | @a商业银行业务管理@9shang ye yin hang ye wu guan li@dBank management@f杨宜主编@zeng |
| 210 | @a北京@c北京大学出版社@d2009.07 | |
| 215 | @a343页@c图@d23cm | |
| 300 | @a21世纪经济与管理精编教材·金融学系列 | |
| 330 | @a本书内容包括:商业银行概论、商业银行资本管理、商业银行负债管理、现金资产及流动性管理、商业银行贷款业务管理、商业银行证券投资业务管理、商业银行中间业务管理等。 | |
| 510 | 1 | @aBank management@zeng |
| 606 | 0 | @a商业银行@x银行业务@x业务管理@j教材 |
| 606 | 0 | @a商业银行 |
| 606 | 0 | @a银行业务 |
| 606 | 0 | @a业务管理 |
| 690 | @aF830.4@v4 | |
| 701 | 0 | @a杨宜@9yang yi@4主编 |
| 801 | 0 | @aCN@bRENTIAN@c20090910 |
| 905 | @b541708-11@dF830.4@e209@f4 | |
| 商业银行业务管理=Bank management/杨宜主编.-北京:北京大学出版社,2009.07 |
| 343页:图;23cm |
| 21世纪经济与管理精编教材·金融学系列 |
| ISBN 978-7-301-15211-9:CNY34.00 |
| 本书内容包括:商业银行概论、商业银行资本管理、商业银行负债管理、现金资产及流动性管理、商业银行贷款业务管理、商业银行证券投资业务管理、商业银行中间业务管理等。 |
| ● |
| 相关链接 |
|
|
|
|
正题名:商业银行业务管理
索取号:F830.4/209
 
预约/预借
| 序号 | 登录号 | 条形码 | 馆藏地/架位号 | 状态 | 备注 |
| 1 | 541708 | 205417084 | 第一样本阅览室/ [索取号:F830.4/209] | 在馆 | |
| 2 | 541709 | 205417093 | 第一借阅区/ [索取号:F830.4/209] | 在馆 | |
| 3 | 541710 | 205417100 | 第一借阅区/ [索取号:F830.4/209] | 在馆 | |
| 4 | 541711 | 205417119 | 密集书库-海洋学院/ [索取号:F830.4/209] | 在馆 |